000 00303nam a22001337a 4500
020 _a817573887-1
082 _a920
_bDUA/N
100 _aDUA,SHYAM
245 _aTHE LUMINOUS LIFE OF NELSON MANDELA
260 _aDELHI
_bTINY TOT PUBLICATIONS
300 _a96
650 _aBIOGRAPHY
_zDELHI
942 _cBK
999 _c6027
_d6027